Estadísticas para Las 25 calles más largas de Barcelona

Haz click aquí para intentar la prueba.

Estadísticas generales

  • Esta prueba ha sido intentada 117 veces
  • La puntuación promedio es 8 de 25

Estadísticas de respuestas

HintRespuesta% Correcto
8,34 kmAvinguda Diagonal
94%
5,38 kmCarrer d'Aragó
70%
9,66 kmGran Via de les Corts Catalanes
66%
6,61 kmAvinguda Meridiana
59%
5,16 kmCarrer de Mallorca
55%
5,60 kmCarrer de València
52%
3,78 kmCarrer de Balmes
44%
3,55 kmCarrer de Muntaner
43%
4,67 kmCarrer del Consell de Cent
35%
4,61 kmCarrer de Provença
35%
4,23 kmCarrer de la Diputació
32%
3,76 kmCarrer de la Marina
30%
4,31 kmCarrer de Còrsega
26%
4,33 kmCarrer del Rosselló
22%
3,80 kmVia Augusta
21%
3,13 kmTravessera de Gràcia
17%
3,53 kmCarrer de Sardenya
13%
3,123 kmCarrer de Sant Antoni Maria Claret
10%
2,516 kmPasseig de Fabra i Puig
9%
2,78 kmPasseig de Maragall
9%
2,518 kmRambla de Prim
6%
3,77 kmCarrer de Llull
5%
3,16 kmCarrer de Pujades
4%
3,127 kmCarrer d'Espronceda
4%
2,73 kmCarrer Número 3
1%

Distribución de puntuación

Porcentaje por número respondido

Porcentaje de gente con cada puntuación

Historial de tus puntuaciones

No has intentado esta prueba.